00537nam a2200181Ia 4500008004100000020001800041082002100059100002700080245002500107250000600132260003900138300001500177500002400192650001400216942000700230952010100237999001700338230524s9999 xx 000 0 und d a9789384588465 a338.5024658bGUP aDeepakshi Gupta942979 0aManagerial Economics a1 aNew DelhibI.K.Internationalc2015 a"XV,615p;" aQuantity Number: 1 aEconomics cBK 00104070aTATCLbTATCLcGENd2023-05-24l0o338.5024658 GUPp54221r2023-05-24w2023-05-24yBK c57930d57930